000 00818nam a2200265 4500
001 1975
010 _a9789897029158
021 _aPT
_b509210/22
090 _a1975
100 _a20251118d2023 m||y0pory50030103ba
101 _apor
102 _aPT
200 _aEsperança e medo
_edois conceitos de liberdade
_fIsaiah Berlin
_gtrad. Jorge Pereirinha Pires, Maria José Batista
205 _a1ª edição
210 _aLisboa
_cGuerra & Paz
_d2023
215 _a199, [1] p.
_d23 cm
225 _aOs livro não se rendem
300 _aBMB-Registado
606 _91903
_aTeoria e filosofia do poder
675 _a321.01
_vBMB
_zpor
700 _aBerlin
_bIsaiah
_f1909-1997
_92842
702 _aPires
_bJorge Pereirinha
_f1961-
_4730
_91223
702 _aBatista
_bMaria José
_f1983-
_4730
_92844
801 _aPT
_bBMB
_gRPC
990 _cLIVROS